000 00823nam a2200229Ia 4500
001 11223
003 GE_BSU
008 181216s||||||||xx |||||||||||||| ||und||
040 _cGE_BSU
080 _a630(479.22)
100 _aქვაჩაკიძე, რევაზ
245 _aსაქართველოს ტყეები
245 _bძირითადი ასოციაციები (ტყის ტიპები)
245 _cრედ: მერაბ სვანიძე
260 _aთბილისი.
260 _bმეცნიერება
260 _c2001
300 _a168გვ.20სმ.
300 _eრეზიუმე (ინგლისურ ენაზე) გვ.161
653 _aსაქართველოს ტყეები
942 _cBK
999 _c44454
_d44454